00831cam a22002411 4500001001300000003000400013005001700017008004100034010001700075035002000092040001700112042001200129050002900141110004100170245014500211260002800356300001900384490006300403650004700466700001900513710004000532999001700572e 40000184 DLC20260227111228.0880623s1940 kyu 000 0 eng  ae 40000184  a(OCoLC)18126726 aDLCcAUdDLC apremarc00aL152b.B35 vol. 8, no. 11 aKentucky.bState Board of Education.10aManual on pupil transportation.cPublished by order of the State board of education. John W. Brooker, superintendent of public instruction. a[Frankfort, Ky.,c1940] a131 p.c23 cm.0 a[Dept. of education] Educational bulletin,vv. VIII, no. 1 0aSchool childrenxTransportationzKentucky.1 aYoung, Gordie.1 aKentucky.bDepartment of Education. c21701d21701